Biblioteca

Nuestro hombre en la Habana / Graham Greene ; Marisa Martínez, Traductor (Registro nro. 40299)

Detalles MARC
000 -LÍDER
Campo fijo de descripción fija 003870000a22001450004500
041 0# - CÓDIGO DE IDIOMA
Código de idioma para texto/pista de sonido o título separado
082 04 - NÚMERO DE CLASIFICACIÓN DECIMAL DEWEY
Número de clasificación G 819.91 G7991n
001 - NÚMERO DE CONTROL
Campo de control 10879
100 1# - ASIENTO PRINCIPAL--NOMBRE PERSONAL
Nombre personal Greene, Graham
245 10 - TÍTULO
Título del Material Nuestro hombre en la Habana / Graham Greene ; Marisa Martínez, Traductor
260 ## - PUBLICACIÓN, DISTRIBUCIÓN, ETC. (PIE DE IMPRENTA)
Lugar de publicación, distribución, etc. Barcelona, Espaá : Bruguera
300 ## - DESCRIPCIÓN FÍSICA
Extensión 255 Pag
500 ## - NOTA GENERAL
Nota General Titulo original : Our man in Havanna
942 ## - TIPO DE MATERIAL (KOHA)
Tipo de Item KOHA Libros General
Existencias
Estado de Material Estado de Perdido Estado de Dañado No para Préstamo Colección Tomo Biblioteca de Origen Biblioteca Permanente Fecha de Adquisición Total de Préstamos Signatura Topográfica Código de Barras Última vez visto Ejemplar/Existencia Fecha de Remplazo Tipo de Material
        Colección General   Biblioteca FUSBC Biblioteca FUSBC 25/01/2005   G 819.91 G7991n 10074 12/12/2019 1 26/01/2016 Libros General

Biblioteca FUSBC | Teléfono: (57+4) 349 88 10 Ext. 141| WhatsApp (+57) 3005338115 
E-mail: biblioteca@unisbc.edu.co | Calle 76 87-14 Robledo Palenque, Medellín, Colombia

Con tecnología Koha